000 00531nam a2200205Ia 4500
005 20250508165736.0
008 008 250505s9999 xx 000 0 eng d
037 _aTextual
040 _aFEDL
_beng
_cFEDL
041 _aeng
_2eng
084 _a540, CHA
_qFEDL
100 _aChang Raymond
_9654613
245 0 _aChemistry
250 _a3rd
260 _aNew York, USA
_bMacmillan and Company Ltd.
_c1989
300 _axxiv, 1046p.
546 _aC.S.E.C
942 _cTEXL
_h540, CHA
999 _c1397179
_d1397179